Normal view MARC view
  • BIOGRAPHY-BENAZIR BHUTTO

Entry Topical Term

Number of records used in: 1

001 - CONTROL NUMBER

  • control field: 78529

003 - CONTROL NUMBER IDENTIFIER

  • control field: NUST

005 - DATE AND TIME OF LATEST TRANSACTION

  • control field: 20210628210215.0

008 - FIXED-LENGTH DATA ELEMENTS

  • fixed length control field: 210628|| aca||aabn | a|a d

040 ## - CATALOGING SOURCE

  • Original cataloging agency: NUST
  • Transcribing agency: NUST

150 ## - HEADING--TOPICAL TERM

  • Topical term or geographic name entry element: BIOGRAPHY-BENAZIR BHUTTO

670 ## - SOURCE DATA FOUND

  • Source citation: Work cat.: (NUST): Bokhari, Syed Ghayoor Abbas 78528, Benazir bhutto,battey say qaid tak, 2004
© 2023 Central Library, National University of Sciences and Technology. All Rights Reserved.